| 000 | 00968nam0a22002651 4500 | ||
|---|---|---|---|
| 001 | rc\2125461 | ||
| 005 | 20260406000257.0 | ||
| 035 | _a(NLR Aleph) 006489527 | ||
| 090 |
_a6117815 _c6117815 |
||
| 100 | _a20110829d1979 |||y0rusy50 ca | ||
| 101 | 1 |
_arus _ctat |
|
| 102 | _aRU | ||
| 105 | _ay z |||a| | ||
| 200 | 1 |
_aМалыш играет на курае _eПьеса для театров кукол в 2 актах _fПер. с татар. и сцен. ред. С. Прокофьевой _gОтв. ред. С. Терентьева |
|
| 210 |
_aМосква _cВААП-информ _d1979 |
||
| 215 |
_a29 л. _d29 |
||
| 700 | 1 |
_8rus _7ca _aБатуллин _bР. М. _f1938- _gРоберт Мухлисович _3RU\NLR\AUTH\77109838 _992763 |
|
| 702 | 1 |
_aТерентьева _bС. _4340 |
|
| 702 | 1 |
_aПрокофьева _bС. _4570 |
|
| 801 | 0 |
_aRU _bNLR _gpsbo |
|
| 801 | 1 |
_aRU _bELAR _2rusmarc |
|
| 852 |
_aNLR _j79-8/722 |
||
| 942 | _cBOOK | ||
| 980 | _aNB | ||